000 01031nam a22002537a 4500
005 20170124102940.0
010 _aA-918448
020 _c80.00
_a8170163951
035 _aA-918448
037 _bCen Lib/Ret
040 _aDPL
_bHN
082 _a828
_bअमृता
100 _aअमृता प्रीतम
_948212
245 _aअंनत नाम जिज्ञासा /
_cअमृता प्रीतम
246 _aAnant naam jigyasa /
_bby Amrita Pritam
260 _aनयी दिल्ली
_bकिताबघर प्रकाशन
_c1997
270 _a24, अंसारी रोड, दरियागंज
_bनयी दिल्ली
_e110002
300 _a128पृ.
_c20सेमी (सजिल्द)
650 _aहिन्दी -- साहित्य
_948213
650 _aहिन्दी -- कहानी
_9779
650 _aHindi - literature
_948214
650 _aHindi - story
_943117
942 _2ddc
_cHN
_h828
_mअमृता
999 _c112567
_d112567